Common Knowledge #18 - Statistics

General Stats
  • This quiz has been taken 1,028 times
  • The average score is 13 of 20
Answer Stats
Hint Answer % Correct
What animal is said to have 9 lives? Cat
96%
What kind of animal is a Komodo dragon? Lizard
91%
What is sushi traditionally wrapped in? Nori
91%
What is Batman’s city? Gotham
86%
What is the name of the Royal English family’s residence? Buckingham Palace
79%
In which state is Silicon Valley located? California
78%
Who discovered the theory of natural selection? Charles Darwin
77%
In what city is the Arc de Triomphe located? Paris
75%
What is the nationality of Picasso? Spanish
69%
What famous character is known for saying, "I'll be back"? The Terminator
69%
Who is Winnie the Pooh's pig best friend? Piglet
67%
What is the name of the player who is positioned behind the home plate? Catcher
64%
Who is the main protagonist in "The Hobbit"? Bilbo Baggins
50%
Which country was split into two zones by the Yalta agreement? Germany
48%
What is known as "the brain" of the computer? Central Processing Unit
43%
The voice box is also known as the? Larynx
43%
Who commanded The Confederate armies during The American Civil War? Robert E. Lee
41%
What is Anthropology the study of? Humans
39%
What kind of turtle can’t retract into its shell? Sea Turtle
33%
What is the main ingredient of a mince pie? Fruit
17%
No matching quizzes found
Score Distribution
Percent of People with Each Score
Percentile by Number Answered
Your Score History
You have not taken this quiz